LEADER 04215nam 22008892 450 001 9910808478903321 005 20151005020621.0 010 $a1-139-06336-7 010 $a1-107-21437-8 010 $a1-283-11250-7 010 $a9786613112507 010 $a1-139-07565-9 010 $a1-139-08248-5 010 $a1-139-08020-2 010 $a1-139-07791-0 010 $a0-511-97494-9 010 $a1-139-06989-6 024 7 $a2027/heb32398 035 $a(CKB)2670000000083308 035 $a(EBL)691903 035 $a(OCoLC)726734784 035 $a(SSID)ssj0000523447 035 $a(PQKBManifestationID)11376292 035 $a(PQKBTitleCode)TC0000523447 035 $a(PQKBWorkID)10540271 035 $a(PQKB)11644462 035 $a(UkCbUP)CR9780511974946 035 $a(MiAaPQ)EBC691903 035 $a(Au-PeEL)EBL691903 035 $a(CaPaEBR)ebr10470791 035 $a(CaONFJC)MIL311250 035 $a(dli)HEB32398 035 $a(MiU) MIU01100000000000000000093 035 $a(EXLCZ)992670000000083308 100 $a20101011d2011|||| uy| 0 101 0 $aeng 135 $aur||||||||||| 181 $ctxt$2rdacontent 182 $cc$2rdamedia 183 $acr$2rdacarrier 200 14$aThe institutional framework of Russian serfdom /$fTracy Dennison$b[electronic resource] 210 1$aCambridge :$cCambridge University Press,$d2011. 215 $a1 online resource (xix, 254 pages) $cdigital, PDF file(s) 225 1 $aCambridge studies in economic history. Second series 300 $aTitle from publisher's bibliographic system (viewed on 05 Oct 2015). 311 $a1-107-66170-6 311 $a0-521-19448-2 320 $aIncludes bibliographical references and index. 327 $aWhy is Russia different? : culture, geography, institutions -- Voshchazhnikovo : a microcosm of nineteenth-century Russia -- Household structure and family economy -- The rural commune -- Land and property markets -- Labour markets -- Credit and savings -- Retail markets and consumption -- The institutional framework of Russian serfdom. 330 $aRussian rural history has long been based on a 'Peasant Myth', originating with nineteenth-century Romantics and still accepted by many historians today. In this book, Tracy Dennison shows how Russian society looked from below, and finds nothing like the collective, redistributive and market-averse behaviour often attributed to Russian peasants. On the contrary, the Russian rural population was as integrated into regional and even national markets as many of its west European counterparts. Serfdom was a loose garment that enabled different landlords to shape economic institutions, especially property rights, in widely diverse ways. Highly coercive and backward regimes on some landlords' estates existed side-by-side with surprisingly liberal approximations to a rule of law. This book paints a vivid and colourful picture of the everyday reality of rural Russia before the 1861 abolition of serfdom. 410 0$aCambridge studies in economic history.$nSecond series. 606 $aSerfdom$zRussia$xHistory 606 $aPeasants$zRussia$xEconomic conditions 606 $aPeasants$zRussia$xSocial conditions 606 $aLand tenure$zRussia$xHistory 606 $aRight of property$zRussia$xHistory 606 $aAgriculture$xEconomic aspects$zRussia$xHistory 606 $aAgriculture$xSocial aspects$zRussia$xHistory 607 $aRussia$xRural conditions 607 $aRussia$xEconomic conditions$yTo 1861 607 $aRussia$xCommerce$xHistory 615 0$aSerfdom$xHistory. 615 0$aPeasants$xEconomic conditions. 615 0$aPeasants$xSocial conditions. 615 0$aLand tenure$xHistory. 615 0$aRight of property$xHistory. 615 0$aAgriculture$xEconomic aspects$xHistory. 615 0$aAgriculture$xSocial aspects$xHistory. 676 $a306.3/650947 686 $aHIS010010$2bisacsh 700 $aDennison$b T. K$g(Tracy K.),$f1970-$01016150 801 0$bUkCbUP 801 1$bUkCbUP 906 $aBOOK 912 $a9910808478903321 996 $aThe institutional framework of Russian serfdom$92376263 997 $aUNINA LEADER 01089nas 2200337-a 450 001 996336487503316 005 20240413030126.0 035 $a(CKB)991042736833438 035 $a(CONSER)cn-85030557- 035 $a(EXLCZ)99991042736833438 100 $a19850722a19749999 k-- a 101 0 $aeng 181 $ctxt$2rdacontent 182 $cc$2rdamedia 183 $acr$2rdacarrier 200 00$aEagle Valley news 210 $aSicamous, B.C. $cNeeland Enterprise$d[1974]- 215 $a1 online resource 311 08$aPrint version: Eagle Valley news. 0828-833X (DLC)cn 85030557 (OCoLC)1080980131 531 0 $aEagle Val. news 606 $aCanadian newspapers (English)$zBritish Columbia$zSicamous 606 $aJournaux canadiens-anglais$3(CaQQLa)201-0011518$zColombie-Britannique$zSicamous 615 5$aCanadian newspapers (English) 615 6$aJournaux canadiens-anglais 676 $a071/.1141 686 $acci1icc$2lacc 906 $aNEWSPAPER 912 $a996336487503316 920 $aexl_impl conversion 996 $aEagle Valley news$91952448 997 $aUNISA LEADER 03922nam 2200625Ia 450 001 9910975221903321 005 20200520144314.0 010 $a1-283-85695-6 010 $a3-11-028143-0 024 7 $a10.1515/9783110281439 035 $a(CKB)2670000000309308 035 $a(EBL)893270 035 $a(OCoLC)821198706 035 $a(SSID)ssj0000784963 035 $a(PQKBManifestationID)12336381 035 $a(PQKBTitleCode)TC0000784963 035 $a(PQKBWorkID)10783311 035 $a(PQKB)10494922 035 $a(DE-B1597)175664 035 $a(OCoLC)843093193 035 $a(DE-B1597)9783110281439 035 $a(Au-PeEL)EBL893270 035 $a(CaPaEBR)ebr10634594 035 $a(CaONFJC)MIL416945 035 $a(PPN)182938751 035 $a(Perlego)653907 035 $a(MiAaPQ)EBC893270 035 $a(EXLCZ)992670000000309308 100 $a20120416d2012 uy 0 101 0 $aeng 135 $aurcn||||||||| 181 $ctxt 182 $cc 183 $acr 200 10$aJohn's Gospel $ethe Coptic translations of its Greek text /$fChristian Askeland 210 $aBerlin ;$aBoston $cDe Gruyter$dc2012 215 $a1 online resource (304 p.) 225 0 $aArbeiten zur neutestamentichen Textforschung,$x0570-5509 ;$vBd. 44 300 $aDescription based upon print version of record. 311 08$a3-11-028138-4 320 $aIncludes bibliographical references (p. 263-282) and index. 327 $tFront matter --$tForeword --$tAbbreviations --$tChapter I: Introduction and summary --$tChapter II: Translation technique --$tChapter III: Translation languages and citation method --$tChapter IV: The Sahidic translation of John's gospel --$tChapter V: Non-Sahidic witnesses to John's gospel --$tChapter VI: Interversional history --$tChapter VII: Coptic citation and textual criticism --$tPlates --$tBibliography --$tIndex of biblical references (NT, John) --$tIndex of names 330 $aThis monograph explores the history of the Coptic tradition of John's gospel, considering when these ancient Egyptian witnesses are profitable for determining the earliest readings of their Greek source text. The standard critical edition of the Greek New Testament cites the Coptic versions no fewer than 1,000 times in John's gospel. For these citations, that edition references six dialectally distinct Coptic translations: the Achmimic, Bohairic, Lycopolitan (Subachmimic), Middle Egyptian Fayumic, Proto-Bohairic, and Sahidic versions. In addition to examining these, this project considers newly published texts from the Fayumic and Middle Egyptian traditions. Apart from a pivotal article on Coptic and New Testament textual criticism by Gerd Mink in 1972, Coptological research has progressed with only limited contact with Greek textual criticism. The discovery of various apocryphal Christian texts in Coptic translations has further diverted attention from Greek textual criticism. This project contributes to this subject area by applying recent advances in Coptology, and exploring the various facets of the Coptic translations. In particular, the monograph investigates (1) translation technique, (2) Greek-Coptic linguistic differences, (3) the reliability of the Coptic manuscript tradition, (4) the relationships between the Coptic versions, and (5) relevant contributions from the scholarly community. John's gospel is extant in more Coptic dialectal versions than any other biblical text. As a result, the gospel offers unique insight into the nature of the ancient Egyptian Christian communities. 410 0$aArbeiten zur neutestamentlichen Textforschung 606 $aTheology 615 0$aTheology. 676 $a226.5049 700 $aAskeland$b Christian$01852055 801 0$bMiAaPQ 801 1$bMiAaPQ 801 2$bMiAaPQ 906 $aBOOK 912 $a9910975221903321 996 $aJohn's Gospel$94446665 997 $aUNINA